Statistics for September 14th: Birthdays

Click here to take the quiz!

General Stats

  • This quiz has been taken 3 times
  • The average score is 4 of 7

Answer Stats

YearClueAnswer% Correct
1983Singer of "Rehab"Amy Winehouse
100%
1947Actor in Jurassic Park
Sam Neill
67%
1965Prime Minister of RussiaDmitry Medvedev
67%
1879Birth control proponentMargaret Sanger
67%
1978Governor of FloridaRon DeSantis
67%
1769Wrote KosmosAlexander von Humboldt
0%
1929CEO of Salomon BrothersJohn Gutfreund
0%

Score Distribution

Percentile by Number Answered

Percent of People with Each Score

Your Score History

You have not taken this quiz